[Event "Olimpiada Dresden 2008 Femenina"]
[Site "Dresden GER"]
[Date "2008.11.19"]
[Round "6.41"]
[White "Walta, Paivi"]
[Black "Dedijer, Mira"]
[Result "1-0"]
[WhiteElo "1824"]
[BlackElo "1999"]
[PlyCount "75"]
[EventDate "2008.11.13"]
[EventType "team-tourn"]
[EventRounds "11"]
[EventCountry "GER"]
[Source "lmi"]
[SourceDate "2008.11.13"]
[WhiteTeam "Finlandia"]
[BlackTeam "Bosnia Herzegovina"]
[WhiteTeamCountry "FIN"]
[BlackTeamCountry "BIH"]

1. d4 d5 2. c4 c6 3. Nf3 e6 4. Qc2 f5 5. Bf4 Nf6 6. e3 Nbd7 7. Nc3 Ne4 8. Nxe4
fxe4 9. Nd2 Be7 10. f3 exf3 11. gxf3 Bg5 12. Bxg5 Qxg5 13. Qc3 Qh4+ 14. Kd1 Nf6
15. Kc2 O-O 16. Rc1 dxc4 17. Qxc4 Nd5 18. Qe2 Qg5 19. e4 Nf4 20. Qc4 Kh8 21. h4
Qd8 22. Qc3 e5 23. dxe5 b5 24. Nb3 Be6 25. Kb1 Qe7 26. Nd4 Qf7 27. Nxe6 Nxe6
28. Bh3 Rac8 29. h5 c5 30. h6 g6 31. f4 Rc6 32. Bxe6 Qxe6 33. Rhf1 b4 34. Qc4
Qh3 35. Qd5 Rfc8 36. Rh1 Qe3 37. Rcd1 Qxf4 38. Qxc6 1-0

[Event "Olimpiada Dresden 2008 Femenina"]
[Site "Dresden GER"]
[Date "2008.11.19"]
[Round "6.42"]
[White "Melnik, Galina"]
[Black "Smith, Olivia"]
[Result "0-1"]
[WhiteElo "2062"]
[BlackElo "1961"]
[PlyCount "70"]
[EventDate "2008.11.13"]
[EventType "team-tourn"]
[EventRounds "11"]
[EventCountry "GER"]
[Source "lmi"]
[SourceDate "2008.11.13"]
[WhiteTeam "Rusia"]
[BlackTeam "Gales"]
[WhiteTeamCountry "RUS"]
[BlackTeamCountry "WLS"]

1. e4 c6 2. d4 d5 3. e5 c5 4. dxc5 e6 5. Be3 Nd7 6. Bb5 Qc7 7. Nf3 Bxc5 8. Bxc5
Qxc5 9. Nc3 a6 10. Bd3 Ne7 11. O-O b5 12. Re1 Ng6 13. Qd2 Bb7 14. Qg5 Qe7 15.
Qg4 Rc8 16. h4 h5 17. Qg3 Rh6 18. Ne2 Nc5 19. Ned4 Ne4 20. Bxe4 dxe4 21. Ng5
Rc5 22. Nxe4 Rxe5 23. Ng5 Qf6 24. c3 Nf4 25. f3 Rg6 26. Kh2 Rexg5 27. hxg5 Rxg5
28. Qf2 Rxg2+ 29. Qxg2 Nxg2 30. Kxg2 Kf8 31. Re3 g5 32. a4 b4 33. Rd1 g4 34.
cxb4 e5 35. Rde1 exd4 0-1

[Event "Olimpiada Dresden 2008 Femenina"]
[Site "Dresden GER"]
[Date "2008.11.19"]
[Round "6.42"]
[White "Wilson, Julie"]
[Black "Zykina, Nadezhda"]
[Result "0-1"]
[WhiteElo "1935"]
[BlackElo "2108"]
[PlyCount "141"]
[EventDate "2008.11.13"]
[EventType "team-tourn"]
[EventRounds "11"]
[EventCountry "GER"]
[Source "lmi"]
[SourceDate "2008.11.13"]
[WhiteTeam "Gales"]
[BlackTeam "Rusia"]
[WhiteTeamCountry "WLS"]
[BlackTeamCountry "RUS"]

1. d4 Nf6 2. c4 e5 3. dxe5 Ng4 4. Bf4 Nc6 5. Nf3 Bc5 6. e3 f6 7. exf6 Qxf6 8.
Nc3 Nxf2 9. Kxf2 Qxf4 10. Nd5 Qd6 11. a3 a5 12. Bd3 O-O 13. Rf1 Ne5 14. Kg1
Bxe3+ 15. Nxe3 Qxd3 16. Qxd3 Nxd3 17. Nd5 h6 18. Ne7+ Kf7 19. Ne5+ Kxe7 20.
Ng6+ Kd6 21. Rxf8 Nxb2 22. Rc1 b6 23. Rc2 Na4 24. Rf7 Ke6 25. Rf4 Ba6 26. Re2+
Kd6 27. Rd4+ Kc5 28. Rxd7 Kxc4 29. Rxc7+ Nc5 30. Rxg7 Rd8 31. Ne5+ Kb3 32. Rg3+
Ka4 33. Re1 Rd2 34. h3 Nb3 35. Ree3 Rd1+ 36. Kh2 Nd2 37. Rg4+ Kb5 38. a4+ Kc5
39. Rc3+ Kd5 40. Kg3 Kxe5 41. Kh4 Bb7 42. Re3+ Ne4 43. Rg6 Rb1 44. Rxh6 Kd4 45.
Rf3 Nc5 46. Rf4+ Be4 47. g4 Nxa4 48. g5 Nc5 49. g6 Ne6 50. Rg4 Ng7 51. Rh7 Nf5+
52. Kg5 Ke5 53. g7 Bd5 54. h4 Rh1 55. h5 b5 56. h6 Bf7 57. Rg2 Rh5+ 58. Kg4
Ne3+ 59. Kf3 Nxg2 60. Kxg2 Kf6 61. Rh8 b4 62. Rf8 Kg6 63. Kf3 Rxh6 64. g8=Q+
Bxg8 65. Rxg8+ Kf6 66. Ra8 Rh5 67. Ke3 Rb5 68. Kd4 b3 69. Ra6+ Ke7 70. Ra8 b2
71. Rh8 0-1

[Event "Olimpiada Dresden 2008 Femenina"]
[Site "Dresden GER"]
[Date "2008.11.19"]
[Round "6.42"]
[White "Jennitha, Anto K"]
[Black "Owens, Megan R"]
[Result "1-0"]
[WhiteElo "1998"]
[BlackElo "1783"]
[PlyCount "140"]
[EventDate "2008.11.13"]
[EventType "team-tourn"]
[EventRounds "11"]
[EventCountry "GER"]
[Source "lmi"]
[SourceDate "2008.11.13"]
[WhiteTeam "India"]
[BlackTeam "Gales"]
[WhiteTeamCountry "IND"]
[BlackTeamCountry "WLS"]

1. e3 d5 2. b3 e5 3. Bb2 Bd6 4. f4 Nd7 5. Nf3 Qe7 6. c4 Ngf6 7. c5 Bxc5 8. fxe5
Ne4 9. Bd3 Ng5 10. O-O Nxf3+ 11. Qxf3 Nxe5 12. Bxe5 Qxe5 13. Qxf7+ Kd8 14. Nc3
Bd6 15. g3 c6 16. Qf4 Qxf4 17. exf4 Bc5+ 18. Kg2 h5 19. h3 Kc7 20. Rae1 Bd7 21.
Bg6 Raf8 22. f5 Rf6 23. Rc1 Kd6 24. Ne2 Bb4 25. d4 c5 26. g4 hxg4 27. hxg4 cxd4
28. Nxd4 Bc5 29. Nf3 a5 30. Ng5 Be3 31. Nh7 Rxg6 32. fxg6 Bxc1 33. Rxc1 Bxg4
34. Ng5 Rc8 35. Nf7+ Ke7 36. Re1+ Kf6 37. Kg3 Bh5 38. Nd6 Rb8 39. Ne8+ Kxg6 40.
Re7 d4 41. Kf2 Rd8 42. Ke1 b6 43. Kd2 Kf5 44. Nxg7+ Kf6 45. Rb7 Bg6 46. a3 Rd6
47. b4 axb4 48. axb4 Rc6 49. b5 Rc2+ 50. Kd1 d3 51. Rd7 Rb2 52. Ne8+ Bxe8 53.
Rxd3 Rxb5 54. Rh3 Rb2 55. Kc1 Rb5 56. Kc2 Bg6+ 57. Kc3 Bf5 58. Rh8 Rb1 59. Rb8
b5 60. Rb6+ Ke5 61. Rb8 Be6 62. Rb7 Rb3+ 63. Kc2 Bc4 64. Rd7 Rh3 65. Rc7 Kd4
66. Rd7+ Bd5 67. Rg7 Rh2+ 68. Kb1 b4 69. Rg4+ Be4+ 70. Ka1 Kd5 1-0

[Event "Olimpiada Dresden 2008 Femenina"]
[Site "Dresden GER"]
[Date "2008.11.19"]
[Round "6.43"]
[White "Ptacnikova, Lenka"]
[Black "Munoz, Carolina"]
[Result "1-0"]
[WhiteElo "2237"]
[BlackElo "2026"]
[PlyCount "122"]
[EventDate "2008.11.13"]
[EventType "team-tourn"]
[EventRounds "11"]
[EventCountry "GER"]
[Source "lmi"]
[SourceDate "2008.11.13"]
[WhiteTeam "Islandia"]
[BlackTeam "Costa Rica"]
[WhiteTeamCountry "ISL"]
[BlackTeamCountry "CRI"]

1. d4 Nf6 2. c4 c5 3. d5 b5 4. cxb5 a6 5. bxa6 d6 6. Nc3 Bxa6 7. e4 Bxf1 8.
Kxf1 g6 9. Nf3 Bg7 10. h3 O-O 11. Kg1 Nbd7 12. Kh2 Qa5 13. Re1 Rfb8 14. Re2 Ne8
15. Rc2 Nc7 16. Bd2 Nb6 17. Qe2 Qa6 18. Re1 Qxe2 19. Rxe2 Na6 20. a3 Rb7 21.
Nd1 Na4 22. Bc1 Rab8 23. Kg1 h6 24. g3 Nc7 25. Kg2 e6 26. Bf4 Ne8 27. dxe6 fxe6
28. e5 d5 29. Bc1 Bf8 30. Nh2 Rb3 31. Nf1 d4 32. Re4 Nc7 33. Nd2 Rd3 34. Kf1
Rd8 35. Ke1 Nb5 36. Nc4 Rf3 37. Nd2 Rf7 38. Rg4 Rf5 39. Rxg6+ Kf7 40. Rf6+ Rxf6
41. exf6 Nb6 42. b3 d3 43. Ra2 Nd4 44. Bb2 Nc2+ 45. Kf1 Nd5 46. Nc4 Nxf6 47.
Ne5+ Kg7 48. Ng4 Nd4 49. Nxf6 Kxf6 50. Bxd4+ Rxd4 51. Ne3 Bd6 52. Rd2 e5 53. f3
Bc7 54. Nc4 Kf5 55. Kf2 Bd8 56. h4 e4 57. Ne3+ Ke5 58. Nc4+ Kf5 59. Ne3+ Ke5
60. Nc4+ Kf5 61. Ne3+ Ke5 1-0

[Event "Olimpiada Dresden 2008 Femenina"]
[Site "Dresden GER"]
[Date "2008.11.19"]
[Round "6.43"]
[White "Da Bosco, Carla"]
[Black "Thorsteinsdottir, Gudlaug"]
[Result "0-1"]
[WhiteElo "1966"]
[BlackElo "2156"]
[PlyCount "121"]
[EventDate "2008.11.13"]
[EventType "team-tourn"]
[EventRounds "11"]
[EventCountry "GER"]
[Source "lmi"]
[SourceDate "2008.11.13"]
[WhiteTeam "Costa Rica"]
[BlackTeam "Islandia"]
[WhiteTeamCountry "CRI"]
[BlackTeamCountry "ISL"]

1. d4 d6 2. c4 e5 3. dxe5 dxe5 4. Qxd8+ Kxd8 5. Nf3 f6 6. Nc3 c6 7. g3 Be6 8.
b3 Bb4 9. Bd2 Ba3 10. Bg2 Nh6 11. O-O Nf7 12. Rad1 Nd7 13. Nb1 Bd6 14. Ba5+ b6
15. Bc3 Kc7 16. Bb2 Rad8 17. Nc3 Be7 18. Rc1 Kb8 19. Rfd1 Nc5 20. Nd2 Bd7 21.
b4 Ne6 22. a3 h5 23. Nb3 h4 24. b5 cxb5 25. cxb5 hxg3 26. hxg3 Nc5 27. Nxc5
Bxc5 28. a4 Bg4 29. Kf1 Bd4 30. Rd2 Bh3 31. Na2 Bxg2+ 32. Kxg2 Bc5 33. Rdc2 Nd6
34. Nc3 Rh5 35. e3 Rdh8 36. Kf3 Rf5+ 37. Kg2 Rfh5 38. Kf3 Rf5+ 39. Kg2 e4 40.
Rh1 Rxh1 41. Kxh1 Bb4 42. Na2 Be1 43. Ba3 Nf7 44. Kg2 Rd5 45. Bf8 g6 46. Bb4
Bxb4 47. Nxb4 Rd7 48. Rc6 Nd6 49. g4 f5 50. Kg3 Kb7 51. Na6 fxg4 52. Kxg4 Nf7
53. Re6 g5 54. Re8 Nd8 55. Kxg5 Rg7+ 56. Kf5 Rf7+ 57. Kxe4 Rxf2 58. Rxd8 Rf4+
59. Kd3 Rf8 60. Rd7+ Ka8 61. Nb4 0-1

[Event "Olimpiada Dresden 2008 Femenina"]
[Site "Dresden GER"]
[Date "2008.11.19"]
[Round "6.44"]
[White "Terao, Juliana Sayumi"]
[Black "Umarova, Shahnoza"]
[Result "1-0"]
[WhiteElo "2143"]
[BlackElo "1836"]
[PlyCount "61"]
[EventDate "2008.11.13"]
[EventType "team-tourn"]
[EventRounds "11"]
[EventCountry "GER"]
[Source "lmi"]
[SourceDate "2008.11.13"]
[WhiteTeam "Brasil"]
[BlackTeam "Tayikistán"]
[WhiteTeamCountry "BRA"]
[BlackTeamCountry "TJK"]

1. e4 c6 2. d4 d5 3. exd5 cxd5 4. Bd3 Nc6 5. c3 Nf6 6. h3 e5 7. dxe5 Nxe5 8.
Qe2 Qe7 9. Bc2 Nc6 10. Be3 g6 11. Nf3 Bg7 12. O-O O-O 13. Re1 Ne4 14. Qb5 Qd7
15. Bb3 Ne7 16. Qd3 b5 17. Nbd2 Re8 18. Rad1 Nf6 19. Bc5 Bb7 20. Bxe7 Rxe7 21.
Rxe7 Qxe7 22. Qxb5 Rd8 23. Re1 Qc7 24. Qb4 Rd7 25. Ba4 Rd6 26. Qh4 h5 27. Ng5
Bh6 28. Ndf3 Qc4 29. Qg3 Rd8 30. Bb3 Qc8 31. Nxf7 1-0

[Event "Olimpiada Dresden 2008 Femenina"]
[Site "Dresden GER"]
[Date "2008.11.19"]
[Round "6.44"]
[White "Antonova, Nadezhda"]
[Black "Chaves, Joara"]
[Result "1-0"]
[WhiteElo "1827"]
[BlackElo "2065"]
[PlyCount "91"]
[EventDate "2008.11.13"]
[EventType "team-tourn"]
[EventRounds "11"]
[EventCountry "GER"]
[Source "lmi"]
[SourceDate "2008.11.13"]
[WhiteTeam "Tayikistán"]
[BlackTeam "Brasil"]
[WhiteTeamCountry "TJK"]
[BlackTeamCountry "BRA"]

1. d4 Nf6 2. c4 g6 3. Nc3 Bg7 4. e4 d6 5. Nf3 O-O 6. Be2 e5 7. d5 a5 8. Bg5 h6
9. Be3 Na6 10. Nd2 Nd7 11. O-O f5 12. f3 f4 13. Bf2 g5 14. a3 Nf6 15. b4 h5 16.
c5 Rf7 17. cxd6 cxd6 18. Nc4 g4 19. Kh1 Rb8 20. Nxa5 Bf8 21. Bxa6 bxa6 22. Nc6
Qc7 23. Nxb8 Qxb8 24. Bg1 Bd7 25. Rb1 Qd8 26. Qe1 Nh7 27. a4 Rg7 28. Bf2 g3 29.
hxg3 fxg3 30. Bxg3 Qg5 31. Rb2 Qxg3 32. Qxg3 Rxg3 33. b5 Bh6 34. b6 Bc8 35. b7
Bxb7 36. Rxb7 Be3 37. Rfb1 h4 38. Ne2 Rg6 39. Rd7 Rf6 40. Rd8+ Nf8 41. Ra8 h3
42. Ng3 Rg6 43. Rbb8 Rxg3 44. Rxf8+ Kh7 45. Rh8+ Kg7 46. Rag8+ 1-0

[Event "Olimpiada Dresden 2008 Femenina"]
[Site "Dresden GER"]
[Date "2008.11.19"]
[Round "6.44"]
[White "Muhtojzoda, Asila"]
[Black "Coelho, Tatiane Cristina"]
[Result "0-1"]
[WhiteElo "1640"]
[BlackElo "1820"]
[PlyCount "70"]
[EventDate "2008.11.13"]
[EventType "team-tourn"]
[EventRounds "11"]
[EventCountry "GER"]
[Source "lmi"]
[SourceDate "2008.11.13"]
[WhiteTeam "Tayikistán"]
[BlackTeam "Brasil"]
[WhiteTeamCountry "TJK"]
[BlackTeamCountry "BRA"]

1. d4 Nf6 2. c4 e5 3. dxe5 Ng4 4. Nf3 Bc5 5. e3 Nc6 6. Be2 Ngxe5 7. O-O O-O 8.
b3 Nxf3+ 9. Bxf3 Qf6 10. Qc2 Nd4 11. Qc3 Nxf3+ 12. gxf3 Qxf3 13. Bb2 Qg4+ 14.
Kh1 b6 15. Nd2 f6 16. e4 Bb7 17. Qd3 Rae8 18. Rae1 Bd6 19. Rg1 Qh4 20. Rg2 Rf7
21. Re2 Bf4 22. f3 d6 23. Nf1 Bc8 24. Ng3 Bh3 25. Rg1 Be5 26. Bc1 Kh8 27. Qd5
Ref8 28. Be3 f5 29. exf5 Bxf5 30. Nxf5 Rxf5 31. Qb7 Rxf3 32. Qxc7 Rxe3 33. Reg2
Re1 34. Rxe1 Qxe1+ 35. Rg1 Qe4+ 0-1

[Event "Olimpiada Dresden 2008 Femenina"]
[Site "Dresden GER"]
[Date "2008.11.19"]
[Round "6.49"]
[White "Gonzalez, Yaribeth"]
[Black "Colombo, Camila"]
[Result "0-1"]
[WhiteElo "1912"]
[BlackElo "2071"]
[PlyCount "94"]
[EventDate "2008.11.13"]
[EventType "team-tourn"]
[EventRounds "11"]
[EventCountry "GER"]
[Source "lmi"]
[SourceDate "2008.11.13"]
[WhiteTeam "Panamá"]
[BlackTeam "Uruguay"]
[WhiteTeamCountry "PAN"]
[BlackTeamCountry "URU"]

1. e4 e6 2. d4 d5 3. exd5 exd5 4. Nf3 Nc6 5. Be2 Bd6 6. Nc3 Nge7 7. Bg5 f6 8.
Bh4 Be6 9. Qd2 Qd7 10. Bg3 O-O-O 11. Bxd6 Qxd6 12. a3 Ng6 13. g3 Nge7 14. b4
Bh3 15. Rg1 h5 16. b5 Nb8 17. a4 Nf5 18. a5 Rhe8 19. b6 axb6 20. Nb5 Qe6 21.
Na7+ Kd7 22. Kd1 c6 23. Re1 Bg4 24. Ng1 Bxe2+ 25. Rxe2 Qd6 26. axb6 g5 27. c3
Re4 28. Kc2 Rde8 29. Rae1 Qa3 30. Qc1 Qa4+ 31. Kb1 Nd6 32. Qc2 Qxc2+ 33. Kxc2
Rxe2+ 34. Rxe2 Rxe2+ 35. Nxe2 Nc4 36. h4 Nxb6 37. Kd3 Kc7 38. g4 hxg4 39. h5
N8d7 40. Ng3 Nf8 41. Nf5 Kb8 42. Nxc6+ bxc6 43. Nh6 Ne6 44. Nxg4 Nf4+ 45. Kc2
Nxh5 46. Ne3 Nc4 47. Nf5 Kc7 0-1

[Event "Olimpiada Dresden 2008 Femenina"]
[Site "Dresden GER"]
[Date "2008.11.19"]
[Round "6.50"]
[White "Nekrasova, Elena"]
[Black "Soondarsingh, Aditi"]
[Result "1-0"]
[WhiteElo "2091"]
[BlackElo "1867"]
[PlyCount "57"]
[EventDate "2008.11.13"]
[EventType "team-tourn"]
[EventRounds "11"]
[EventCountry "GER"]
[Source "lmi"]
[SourceDate "2008.11.13"]
[WhiteTeam "Líbano"]
[BlackTeam "Trinidad y Tobago"]
[WhiteTeamCountry "LBN"]
[BlackTeamCountry "TRI"]

1. e4 c5 2. Nf3 Nc6 3. d4 cxd4 4. Nxd4 g6 5. Nc3 Bg7 6. Nb3 Nf6 7. Be2 O-O 8.
O-O d6 9. Bg5 h6 10. Bh4 Be6 11. Kh1 d5 12. Bxf6 Bxf6 13. exd5 Bxc3 14. dxc6
Bxb2 15. cxb7 Rb8 16. Rb1 Bf6 17. Bf3 Qc7 18. Qc1 Bg5 19. Qa3 Rfd8 20. Nc5 Bc4
21. Rfd1 Rxd1+ 22. Rxd1 Bf4 23. Nd7 Rxb7 24. Bxb7 Qxb7 25. Qxe7 Qc8 26. Nf6+
Kg7 27. Rd8 Qxd8 28. Qxd8 Bg5 29. Qd4 1-0

[Event "Olimpiada Dresden 2008 Femenina"]
[Site "Dresden GER"]
[Date "2008.11.19"]
[Round "6.50"]
[White "Mouradian, Suzan"]
[Black "Smith, Javanna"]
[Result "1-0"]
[WhiteElo "1828"]
[BlackElo "2001"]
[PlyCount "133"]
[EventDate "2008.11.13"]
[EventType "team-tourn"]
[EventRounds "11"]
[EventCountry "GER"]
[Source "lmi"]
[SourceDate "2008.11.13"]
[WhiteTeam "Líbano"]
[BlackTeam "Trinidad y Tobago"]
[WhiteTeamCountry "LBN"]
[BlackTeamCountry "TRI"]

1. e4 e6 2. d4 d5 3. Nc3 h6 4. Nf3 Nf6 5. Bd3 a6 6. O-O Be7 7. Re1 dxe4 8. Nxe4
Nbd7 9. c3 Nxe4 10. Bxe4 Nf6 11. Bc2 b6 12. Ne5 Bb7 13. Qd3 Bd6 14. Ba4+ Kf8
15. Bc6 Bxc6 16. Nxc6 Qd7 17. Qf3 Nd5 18. Ne5 Bxe5 19. Rxe5 Re8 20. b3 Kg8 21.
Bd2 Ne7 22. Rae1 Ng6 23. R5e4 Kh7 24. Qe2 a5 25. h4 Rhf8 26. h5 Ne7 27. c4 c6
28. Bc3 Ng8 29. Re5 Rc8 30. Qd3+ Kh8 31. R1e3 Rfe8 32. Qe2 Rf8 33. Rg3 Nf6 34.
Qe3 Rfe8 35. Qf4 Nh7 36. Qg4 Ng5 37. f4 f5 38. Qe2 Ne4 39. Rxe4 fxe4 40. Qxe4
Re7 41. Rg6 Kg8 42. g4 Rf8 43. Kg2 Qd6 44. Bd2 c5 45. d5 exd5 46. Rxd6 dxe4 47.
Kf2 Rfe8 48. Ke3 Re6 49. Rd5 a4 50. Bc3 axb3 51. axb3 R6e7 52. Be5 Ra8 53. Kxe4
Ra3 54. Rd3 Rb7 55. g5 hxg5 56. fxg5 Ra2 57. Kf5 Rf2+ 58. Kg6 Rf8 59. h6 gxh6
60. gxh6 Re8 61. Rd6 b5 62. cxb5 c4 63. bxc4 Rbe7 64. Bf6 Rc7 65. b6 Rb7 66. c5
Rf8 67. c6 1-0

[Event "Olimpiada Dresden 2008 Femenina"]
[Site "Dresden GER"]
[Date "2008.11.19"]
[Round "6.51"]
[White "Lyons, Kieran"]
[Black "Nakagawa, Emiko"]
[Result "1-0"]
[WhiteElo "1840"]
[BlackElo "1860"]
[PlyCount "49"]
[EventDate "2008.11.13"]
[EventType "team-tourn"]
[EventRounds "11"]
[EventCountry "GER"]
[Source "lmi"]
[SourceDate "2008.11.13"]
[WhiteTeam "Fiji"]
[BlackTeam "Japón"]
[WhiteTeamCountry "FIJ"]
[BlackTeamCountry "JPN"]

1. e4 c6 2. d4 d5 3. e5 Bf5 4. c4 e6 5. Nf3 Ne7 6. Bg5 h6 7. Be3 Nd7 8. Nbd2 c5
9. dxc5 Nc6 10. Nb3 Ndxe5 11. Nxe5 Nxe5 12. cxd5 exd5 13. Bb5+ Nc6 14. O-O Be7
15. Qf3 Be6 16. Nd4 Qd7 17. Nxe6 Qxe6 18. Rfe1 Qf6 19. Qxd5 Rd8 20. Qe4 O-O 21.
Rad1 Rxd1 22. Rxd1 Rd8 23. Rxd8+ Bxd8 24. Bd3 Qxb2 25. Qe8# 1-0

[Event "Olimpiada Dresden 2008 Femenina"]
[Site "Dresden GER"]
[Date "2008.11.19"]
[Round "6.52"]
[White "Ui Laighleis, Gearoidin"]
[Black "Aguilar, Filipina"]
[Result "1-0"]
[WhiteElo "1935"]
[BlackElo "1835"]
[PlyCount "85"]
[EventDate "2008.11.13"]
[EventType "team-tourn"]
[EventRounds "11"]
[EventCountry "GER"]
[Source "lmi"]
[SourceDate "2008.11.13"]
[WhiteTeam "Irlanda"]
[BlackTeam "Malta"]
[WhiteTeamCountry "IRL"]
[BlackTeamCountry "MLT"]

1. d4 d5 2. Nf3 Nf6 3. e3 e6 4. Bd3 c5 5. c3 Nbd7 6. Nbd2 Bd6 7. O-O O-O 8. Re1
Qc7 9. h3 e5 10. dxe5 Nxe5 11. Nxe5 Bxe5 12. Nf3 Bd6 13. c4 dxc4 14. Bxc4 b6
15. b3 Bb7 16. Bb2 Rad8 17. Qe2 Be7 18. Rad1 h6 19. Rxd8 Rxd8 20. Rd1 Ba8 21.
Rxd8+ Qxd8 22. Ne5 Bd5 23. Qd3 Qa8 24. Bxd5 Nxd5 25. Nc4 Nb4 26. Qd7 Qe4 27.
Qe8+ Kh7 28. Qxf7 Qg6 29. Qxe7 b5 30. Nd2 Nd3 31. Ba1 a5 32. Qb7 b4 33. Qe4 Nc1
34. Qxg6+ Kxg6 35. Ne4 Nd3 36. Nd6 Nc1 37. Nb7 Nxa2 38. Nxa5 Nc1 39. Be5 Kf7
40. Bg3 Nxb3 41. Nxb3 c4 42. Nd4 c3 43. Bd6 1-0

[Event "Olimpiada Dresden 2008 Femenina"]
[Site "Dresden GER"]
[Date "2008.11.19"]
[Round "6.53"]
[White "Lim, Hakyung"]
[Black "Zsiltzova-Lisenko, Lubov"]
[Result "0-1"]
[WhiteElo "1566"]
[BlackElo "2265"]
[PlyCount "76"]
[EventDate "2008.11.13"]
[EventType "team-tourn"]
[EventRounds "11"]
[EventCountry "GER"]
[Source "lmi"]
[SourceDate "2008.11.13"]
[WhiteTeam "Corea"]
[BlackTeam "Ucrania"]
[WhiteTeamCountry "KOR"]
[BlackTeamCountry "UKR"]

1. e4 c5 2. Nf3 e6 3. d4 cxd4 4. Bg5 Nf6 5. e5 h6 6. Bc1 Nd5 7. Bc4 Nc6 8. O-O
Nb6 9. Bb5 a6 10. Bxc6 dxc6 11. Qe2 c5 12. Rd1 Bd7 13. Na3 Nd5 14. Bd2 Rc8 15.
c3 dxc3 16. bxc3 c4 17. Nc2 Bc5 18. Nfd4 O-O 19. Qh5 Qe7 20. Ne3 Bxd4 21. cxd4
c3 22. Nxd5 exd5 23. Bf4 Qe6 24. Rd3 Qf5 25. Qxf5 Bxf5 26. Rg3 Kh7 27. Rc1 g5
28. Be3 b5 29. Rf3 Bg6 30. Rf6 b4 31. h4 gxh4 32. f4 Be4 33. f5 Rg8 34. Rxh6+
Kg7 35. Rxh4 Kf8 36. g4 Bxf5 37. g5 Ke7 38. Kf2 a5 0-1

[Event "Olimpiada Dresden 2008 Femenina"]
[Site "Dresden GER"]
[Date "2008.11.19"]
[Round "6.53"]
[White "Maeckelberg, Mieke"]
[Black "You, Garam"]
[Result "1-0"]
[WhiteElo "1959"]
[BlackElo "1511"]
[PlyCount "82"]
[EventDate "2008.11.13"]
[EventType "team-tourn"]
[EventRounds "11"]
[EventCountry "GER"]
[Source "lmi"]
[SourceDate "2008.11.13"]
[WhiteTeam "Bélgica"]
[BlackTeam "Corea"]
[WhiteTeamCountry "BEL"]
[BlackTeamCountry "KOR"]

1. e4 g6 2. d4 Bg7 3. Nf3 d6 4. Bc4 c6 5. Qe2 d5 6. exd5 cxd5 7. Bb5+ Bd7 8.
Nc3 Nf6 9. Bg5 Bc6 10. O-O-O O-O 11. Ne5 Qd6 12. h4 Rc8 13. Bd3 Be8 14. h5 Nc6
15. hxg6 fxg6 16. Rh4 Nb4 17. Rdh1 b5 18. Kb1 Nxd3 19. cxd3 b4 20. Nd1 Rc7 21.
Ne3 Rac8 22. N3g4 Rc2 23. Qxc2 Rxc2 24. Kxc2 Qa6 25. Kb1 Nxg4 26. Rxg4 Bxe5 27.
dxe5 Qxd3+ 28. Ka1 Qf5 29. f3 Qxe5 30. Bh6 Qb8 31. Re1 Bf7 32. Bf4 Qb7 33. Be5
h5 34. Rd4 a5 35. Rc1 Be6 36. b3 Qb5 37. Rd2 a4 38. bxa4 Qxa4 39. Rd4 Qa3 40.
Rcd1 Qc3+ 41. Kb1 Bf5+ 1-0

[Event "Olimpiada Dresden 2008 Femenina"]
[Site "Dresden GER"]
[Date "2008.11.20"]
[Round "7.2"]
[White "Zimina, Olga"]
[Black "Kachiani-Gersinska, Ketino"]
[Result "1/2-1/2"]
[WhiteElo "2368"]
[BlackElo "2371"]
[PlyCount "209"]
[EventDate "2008.11.13"]
[EventType "team-tourn"]
[EventRounds "11"]
[EventCountry "GER"]
[Source "lmi"]
[SourceDate "2008.11.13"]
[WhiteTeam "Italia"]
[BlackTeam "Alemania"]
[WhiteTeamCountry "ITA"]
[BlackTeamCountry "GER"]

1. e4 c6 2. d4 d5 3. Nd2 dxe4 4. Nxe4 Bf5 5. Ng3 Bg6 6. h4 h6 7. Nf3 Nd7 8. h5
Bh7 9. Bd3 Bxd3 10. Qxd3 e6 11. Bf4 Qa5+ 12. Bd2 Bb4 13. c3 Be7 14. c4 Qc7 15.
O-O-O Ngf6 16. Ne4 Rd8 17. Kb1 c5 18. Nc3 cxd4 19. Nb5 Qb6 20. Qxd4 Nc5 21. Qe3
O-O 22. Ne5 Nfe4 23. Bc1 a6 24. Nd4 Bf6 25. f4 Na4 26. Ka1 Nd6 27. b3 Nc5 28.
Bb2 a5 29. Ng4 Nde4 30. Nxf6+ Nxf6 31. Nb5 a4 32. Bd4 Rxd4 33. Rxd4 axb3 34.
Rd6 Qa5 35. Qd2 bxa2 36. Qxa5 Nb3+ 37. Kxa2 Nxa5 38. Rd4 Nc6 39. Rdd1 Ne4 40.
Rd7 Ra8+ 41. Kb2 Ra4 42. Rxb7 Rxc4 43. Ra1 Rb4+ 44. Kc1 Ng3 45. Ra8+ Kh7 46.
Rc8 Nd4 47. Rcb8 Nde2+ 48. Kd2 Rxf4 49. Rf8 Nd4 50. Nxd4 Rxd4+ 51. Ke3 Rd5 52.
Rfxf7 Rg5 53. Kf3 e5 54. Rfe7 Nxh5 55. Rb8 Nf6 56. Kf2 Nd5 57. Ree8 Nf6 58. Re6
e4 59. Rb7 Ng4+ 60. Ke2 e3 61. Ree7 Nf6 62. Rxe3 Rxg2+ 63. Kf3 Rg5 64. Re6 Kg6
65. Ree7 Rf5+ 66. Kg3 Nh5+ 67. Kh4 Rf4+ 68. Kh3 Rf3+ 69. Kh4 Rf4+ 70. Kh3 Rc4
71. Ra7 Rc5 72. Kh4 Rc4+ 73. Kh3 Rc3+ 74. Kh4 Rc4+ 75. Kh3 Rc1 76. Kh4 Rh1+ 77.
Kg4 Rg1+ 78. Kh4 Rh1+ 79. Kg4 Rg1+ 80. Kh4 Rg5 81. Reb7 Re5 82. Rc7 Re4+ 83.
Kh3 Nf4+ 84. Kg3 Ne6 85. Rcb7 h5 86. Kf3 Re5 87. Kg3 Re3+ 88. Kf2 Re4 89. Kf3
Rf4+ 90. Ke3 Rf6 91. Rb4 Kh7 92. Ra6 Kg6 93. Ra7 Ng5 94. Rbb7 Nf7 95. Rb4 Nd6
96. Ke2 Nf5 97. Rb1 h4 98. Kf3 Kh5 99. Kg2 Ne3+ 100. Kh3 Rf3+ 101. Kh2 Ng4+
102. Kh1 h3 103. Rxg7 Rg3 104. Rb5+ Kh6 105. Rxg4 1/2-1/2

[Event "Olimpiada Dresden 2008 Femenina"]
[Site "Dresden GER"]
[Date "2008.11.20"]
[Round "7.2"]
[White "Brunello, Marina"]
[Black "Hoolt, Sarah"]
[Result "1/2-1/2"]
[WhiteElo "2117"]
[BlackElo "2274"]
[PlyCount "94"]
[EventDate "2008.11.13"]
[EventType "team-tourn"]
[EventRounds "11"]
[EventCountry "GER"]
[Source "lmi"]
[SourceDate "2008.11.13"]
[WhiteTeam "Italia"]
[BlackTeam "Alemania"]
[WhiteTeamCountry "ITA"]
[BlackTeamCountry "GER"]

1. e4 e6 2. d4 d5 3. e5 c5 4. c3 Nc6 5. Nf3 Qb6 6. a3 c4 7. Be2 Bd7 8. Nbd2 Na5
9. O-O O-O-O 10. Qe1 Kb8 11. Rb1 Rc8 12. Bd1 Nh6 13. Kh1 Qc7 14. Qe2 Be7 15.
Re1 Nf5 16. Nf1 h5 17. Bc2 Qd8 18. Ne3 Nh4 19. Nd2 g5 20. b3 cxb3 21. Nxb3 Nxb3
22. Rxb3 Ng6 23. Bxg6 fxg6 24. Bd2 Ba4 25. Rb2 Ka8 26. Reb1 Rb8 27. c4 g4 28.
cxd5 exd5 29. Qe1 Rf8 30. Ba5 Qd7 31. Qd2 Bc6 32. Bb4 Rf7 33. Kg1 Rbf8 34. Bxe7
Qxe7 35. Qb4 Qh4 36. Qe1 g3 37. hxg3 Qxd4 38. Rd2 Qxe5 39. Nxd5 Qxe1+ 40. Rxe1
Bxd5 41. Rxd5 Rxf2 42. Re6 a6 43. Rxg6 Ra2 44. g4 hxg4 45. Rd3 Rf4 46. Rb3 Ra4
47. Rg8+ Ka7 1/2-1/2